000 00656nam a2200181Ia 4500
008 090124s9999 xx 000 0 und d
082 _b3718
100 _aओक अनंत मोरेश्र्वर
245 _a भेट व इतर एकांकिका
250 _a1
260 _bरामकृष्ण बुक डेपो
_c1965
300 _a64
600 _aओक अनंत मोरेश्र्वर
630 _a भेट व इतर एकांकिका
700 _aओक अनंत मोरेश्र्वर
730 _a भेट व इतर एकांकिका
942 _cBOOK
999 _c83349
_d83349